000 00676akm a2200277a 44500
008 070222s2000-2009 cat
041 _acat
080 _a629.326
245 _aLa Motocicleta
245 _h[cartell]
260 _aAlaquàs [etc.]
260 _bAjuntament d'Alaquàs. Oficina de Promoció del Valencià [etc.]
260 _c2000-2009
300 _bil.
520 _a48
591 _a9432
592 _aObra terminològica
593 _aLE
594 _a9432
650 _amotocicletes
_963874
901 _c[<200->]
902 _a070222
942 _cMO
_n0
999 _c64261
_d64261